| 000 | 00998nam a22003017a 4500 | ||
|---|---|---|---|
| 001 | 4433 | ||
| 003 | FISKH | ||
| 005 | 20240909082317.0 | ||
| 008 | 240909b cb ||||| |||| 00| 0 eng d | ||
| 020 | _a9780545200370 | ||
| 040 |
_aFISKH _beng _cFISKH _dFISKH |
||
| 050 | _aPZ7.P644 | ||
| 082 | _2813 | ||
| 100 |
_aPitchford, Dean _d1951- |
||
| 245 |
_aThe big one-oh / _cDean Pitchford |
||
| 250 | _aFirst printing 2009 | ||
| 260 |
_aNew York : _bScholastic, _c2009. |
||
| 300 |
_a181 pages : _c20 cm |
||
| 505 | _aR | ||
| 520 | _aDetermined not to be weird all his life like his neighbor, Charley Maplewood decides to throw himself a tenth birthday party, complete with a "house of horrors" theme, but first he will have to make some friends to invite. | ||
| 521 | 8 |
_a690L
_bLexile |
|
| 521 | 8 |
_aR
_bRaz-Plus |
|
| 650 |
_2Birthday _aFunny _vParties _xSchool |
||
| 650 |
_2Fiction _aHumor _vFiction |
||
| 700 |
_aAlexander, Gunta _dIllustrator |
||
| 942 |
_2ddc _cBK _n0 |
||
| 999 |
_c4433 _d4433 |
||